|
|
|
|
| LEADER |
00000nam0a2200000 4500 |
| 001 |
42197 |
| 005 |
20231101210732.0 |
| 010 |
|
|
|a 9854520528
|
| 035 |
|
|
|a (RuTPU)RU\TPU\book\43447
|
| 090 |
|
|
|a 42197
|
| 100 |
|
|
|a 20020827d2002 m y0rusy50 ca
|
| 101 |
0 |
|
|a rus
|
| 102 |
|
|
|a BY
|
| 105 |
|
|
|a a j 001zy
|
| 200 |
1 |
|
|a Режущий инструмент. Курсовое и дипломное проектирование
|e учебное пособие для вузов
|f Е. Э. Фельдштейн, М. А. Корниевич, В. И. Шагун
|g под ред. Е. Э. Фельдштейна
|
| 205 |
|
|
|a 2-е изд., испр.
|
| 210 |
|
|
|a Минск
|c Дизайн ПРО
|d 2002
|
| 215 |
|
|
|a 320 с.
|c ил.
|
| 320 |
|
|
|a Библиогр.: с. 317-318.
|
| 606 |
1 |
|
|a Металлорежущие инструменты
|x Проектирование
|x Курсовое проектирование
|2 stltpush
|3 (RuTPU)RU\TPU\subj\42567
|9 62226
|
| 610 |
1 |
|
|a режущие инструменты
|
| 610 |
1 |
|
|a дипломное проектирование
|
| 610 |
1 |
|
|a резцы
|
| 610 |
1 |
|
|a фрезы
|
| 610 |
1 |
|
|a расчет
|
| 610 |
1 |
|
|a сверла
|
| 610 |
1 |
|
|a резьбообразующие инструменты
|
| 610 |
1 |
|
|a зуборезные инструменты
|
| 610 |
1 |
|
|a эксплуатация
|
| 610 |
1 |
|
|a учебные пособия
|
| 675 |
|
|
|a 621.9.02.001.63(075.8)
|v 3
|
| 702 |
|
1 |
|a Фельдштейн
|b Е. Э.
|g Евгений Эммануилович
|4 340
|
| 801 |
|
1 |
|a RU
|b 63413507
|c 20020827
|g PSBO
|
| 801 |
|
2 |
|a RU
|b 63413507
|c 20150910
|g PSBO
|
| 900 |
|
|
|a Режущий инструмент
|
| 900 |
|
|
|a Проектирование и производство инструментов
|
| 900 |
|
|
|a Проектирование и производство режущего инструмента
|
| 900 |
|
|
|a Проектирование и производство режущих инструментов
|
| 900 |
|
|
|a Металлообрабатывающее оборудование
|
| 942 |
|
|
|c BK
|
| 954 |
|
|
|a 550000
|b 120100
|